000 00646nam a2200181Ia 4500
008 100920s9999 xx 000 0 und d
082 _b23084
_a61 थ 70
100 _aतांबोळी लक्ष्मीकांत.
245 _aदूर गेलेले घर.
260 _bमॅजेस्टिक बुक स्टॉल, मुंबई.
_c1970
300 _a126
_bसाधी
365 _b5
520 _aस्थानिक वाचन.
630 _aदूर गेलेले घर.
650 _aस्थानिक वाचन.
730 _aदूर गेलेले घर.
942 _cBOOK
999 _c682134
_d682131